LEADER 05096nam 2200589Ia 450 001 996339131803316 005 20230721023016.0 010 $a0-7494-5724-4 035 $a(CKB)1000000000804130 035 $a(EBL)460052 035 $a(OCoLC)465078076 035 $a(SSID)ssj0001035294 035 $a(PQKBManifestationID)11556467 035 $a(PQKBTitleCode)TC0001035294 035 $a(PQKBWorkID)11028024 035 $a(PQKB)10800035 035 $a(MiAaPQ)EBC460052 035 $a(EXLCZ)991000000000804130 100 $a20020515d2009 uy 0 101 0 $aeng 135 $aur|n|---||||| 181 $ctxt 182 $cc 183 $acr 200 04$aThe Times A-Z of careers & jobs$b[electronic resource] /$fedited by Susan Hodgson 205 $a16th ed. 210 $aLondon $cKogan Page$d2009 215 $a1 online resource (496 p.) 300 $aDescription based upon print version of record. 311 $a0-7494-5510-1 327 $a""Copyright ""; ""Preface""; ""Abbreviations""; ""Qualifications""; ""Useful points of contact""; ""A""; ""ACCOUNTANCY""; ""Accountant""; ""Accounting technician""; ""ACTOR""; ""ACTUARY""; ""ADVERTISING""; ""Account executive""; ""Account planner""; ""Art editor/executive director""; ""Artist""; ""Copywriter and scriptwriter""; ""Media executive""; ""AERIAL INSTALLER""; ""AGRICULTURE""; ""Agricultural contractor""; ""Agricultural engineering""; ""Agricultural surveying""; ""AMBULANCE SERVICE""; ""Ambulance care assistant""; ""Ambulance technician""; ""Emergency medical dispatcher"" 327 $a""Paramedic""""PTS call handler""; ""ANIMALS""; ""Animal care worker""; ""Animal groomer""; ""Animal technician""; ""Assistance dog trainer""; ""Dog handler""; ""Farrier""; ""Groom""; ""Jockey""; ""Kennel work""; ""Riding instructor""; ""RSPCA inspector""; ""Stable hand""; ""Zoo keeper""; ""ANTHROPOLOGIST""; ""ANTIQUE DEALER""; ""ARCHAEOLOGY""; ""Archaeologist""; ""Archaeological surveying""; ""ARCHITECTURE""; ""Architect""; ""Architectural technologist""; ""Model maker""; ""ARCHIVIST""; ""ARMY""; ""ART AND DESIGN""; ""Artist""; ""Graphic designer""; ""Illustrator"" 327 $a""Industrial product designer""""Interactive media design""; ""Interior designer""; ""Signwriter""; ""Art therapist""; ""Arts administration""; ""ASTRONOMER""; ""AUCTIONEER""; ""AUDIOLOGIST""; ""B""; ""BANKING AND FINANCE""; ""Bank cashier/customer service adviser""; ""Bank manager""; ""Building society customer service adviser""; ""Building society manager""; ""Commodity broker""; ""Economist""; ""Financial adviser""; ""Investment work""; ""Stockbroker""; ""Trader/dealer""; ""BEAUTY""; ""Beauty sales consultant""; ""Beauty therapist""; ""Body artist/tattooist""; ""Make-up artist"" 327 $a""Nail technician""""BIOLOGY""; ""Biochemist""; ""Biomedical scientist""; ""Biotechnologist""; ""BOOKMAKER""; ""BOOKSELLER""; ""BREWING""; ""BROADCASTING""; ""Broadcast editor""; ""Broadcast journalist""; ""Broadcast sound engineer""; ""Broadcast sound technician""; ""Broadcast presenter""; ""Broadcast researcher""; ""Producer and assistant producer""; ""Radio broadcast assistant""; ""BUSINESS ADMINISTRATION""; ""Administrative assistant""; ""Company Secretary""; ""Personal assistant""; ""Receptionist""; ""Secretary""; ""C""; ""CABINET MAKER""; ""CALL/CONTACT CENTRE""; ""CAREERS ADVISER"" 327 $a""CARPENTRY""""CARPET FITTER""; ""CARTOGRAPHY""; ""CATERING""; ""CHEMISTRY""; ""Analyst""; ""Chemist""; ""CHILDCARE""; ""Childminder""; ""Nursery nurse""; ""Play worker""; ""CHIROPODIST (OR PODIATRIST)""; ""CIVIL AVIATION""; ""Aeronautical engineer""; ""Air cabin crew""; ""Aircraft maintenance engineer""; ""Air traffic control""; ""Airline customer service agent""; ""Pilot""; ""CIVIL SERVICE""; ""Administrative officer and administrative assistant""; ""Junior manager/executive officer""; ""Fast Stream development programme trainee""; ""CLOTHING INDUSTRY""; ""Pattern cutter"" 327 $a""Pattern grader"" 330 $aThe A-Z of Careers and Jobs is a comprehensive guide to over 300 different jobs including the personal qualities and skills needed for each career, the necessary training and qualifications and contact details for relevant organizations.Editor Susan Hodgson, formerly Head of Careers Service at London South Bank University, provides a host of background detail including sector information, useful websites for further research, details on starting salaries and valuable contact data. She ensures that the book provides in one source all the information you need to make an informed career choice. P 606 $aOccupations$zGreat Britain 606 $aProfessions$zGreat Britain 606 $aVocational guidance$zGreat Britain 615 0$aOccupations 615 0$aProfessions 615 0$aVocational guidance 676 $a341 701 $aHodgson$b Susan$01019275 801 0$bMiAaPQ 801 1$bMiAaPQ 801 2$bMiAaPQ 906 $aBOOK 912 $a996339131803316 996 $aThe Times A-Z of careers & jobs$92401993 997 $aUNISA